Hablamos? manual de conversación para estudiantes de español
Guardado en:
| Otros Autores: | |
|---|---|
| Formato: | Libro |
| Lenguaje: | español |
| Publicado: |
Almería
Editorial Círculo Rojo
2016
|
| Edición: | 1. ed. |
| Materias: | |
| Etiquetas: |
Sin Etiquetas, Sea el primero en etiquetar este registro!
|
MARC
| LEADER | 00000nam a2200000 4500 | ||
|---|---|---|---|
| 001 | 0227038 | ||
| 005 | 20240502083608.9 | ||
| 020 | |a 978-84-9140-745-4 | ||
| 041 | 0 | |a spa | |
| 044 | |a ES | ||
| 245 | 1 | 0 | |a Hablamos? |b manual de conversación para estudiantes de español |c José Luis Sánchez Melgarejo, coordinación: Mónica Sánchez Presa |
| 250 | |a 1. ed. | ||
| 264 | 1 | |a Almería |b Editorial Círculo Rojo |c 2016 | |
| 300 | |a 105 s. [4 AH] | ||
| 610 | 2 | 0 | |a španielčina |
| 610 | 2 | 0 | |a jazyky cudzie |
| 610 | 2 | 0 | |a zásoba slovná |
| 610 | 2 | 0 | |a gramatika |
| 610 | 2 | 0 | |a konverzácia |
| 610 | 2 | 0 | |a kultúra |
| 700 | 1 | |a Sánchez Presa, Mónica | |